000 00322nam a2200109Ia 4500
008 200302s9999 xx 000 0 und d
100 _aE. Sterling & Others
245 _aBuilding Design Technology and Occupant Well-Being in Temperate Climates
260 _bAmerican Society of Heating
260 _c1993
300 _a411 P.,
999 _c2097
_d2097